| 000 | 01099nmc a2200397 a 4500 | ||
|---|---|---|---|
| 003 | AR-BaBNM | ||
| 005 | 20251128203943.0 | ||
| 008 | 011101s1989 ||||||||||||||000 | spa|| | ||
| 020 | _a84-7046-252-0 | ||
| 040 | _cAR-BaBNM | ||
| 100 | 1 | _aAmate Blanco, Juan José | |
| 245 | 1 | 0 | _aPoesía y teatro de hispanoamérica en el siglo XX |
| 260 |
_aMadrid _bCincel _c1989 |
||
| 300 | _a88 p. | ||
| 490 | 0 | _aCuadernos de estudio. Literatura | |
| 504 | _aContiene bibliografía en p. 86-88 | ||
| 600 | 1 | 4 | _aMistral, Gabriela |
| 600 | 1 | 4 | _aStorni, Alfonsina |
| 600 | 1 | 4 | _aHuidobro, Vicente |
| 600 | 1 | 4 | _aBorges, Jorge Luis |
| 600 | 1 | 4 | _aVallejo, César |
| 600 | 1 | 4 | _aNeruda, Pablo |
| 650 | 4 | _aLITERATURA LATINOAMERICANA | |
| 650 | 4 | _aANALISIS LITERARIO | |
| 650 | 4 | _aHISTORIA LITERARIA | |
| 650 | 4 | _aTEATRO | |
| 650 | 4 | _aPOESIA | |
| 653 | 0 | _aVANGUARDIAS LITERARIAS | |
| 653 | _aMODERNISMO | ||
| 655 | _aLITERATURA | ||
| 700 | 1 | _aGálvez Acero, Marina | |
| 800 | 1 |
_aMarín, F. Marcos _ecoordinador |
|
| 800 | 1 |
_aBasanta, Angel _ecoordinador |
|
| 942 | _cBK | ||
| 998 | _claura | ||
| 999 |
_c5598 _d5598 |
||